| 000 | 01176nam a22002897a 4500 | ||
|---|---|---|---|
| 008 | 081205t xxu||||| |||| 00| 0 eng d | ||
| 010 | _aENG-92035 | ||
| 020 | _c425.00 | ||
| 035 | _aEN-75568 | ||
| 037 | _bDBAD / PUB | ||
| 040 |
_adpl _bEnglish |
||
| 082 | _a510.24658 | ||
| 100 | _aMittal, P.K. | ||
| 245 |
_aMathematics and statistics for management: _cby P.K. Mittal, B.G. Sathyaprasad [and] M.K. Pradeep Kumar Rao _b(business mathematics and analytics) / |
||
| 250 | _arev. & enl. ed. | ||
| 260 |
_aNew Delhi _bHimalaya Publishing House _c2009 |
||
| 270 |
_aPooja Apartment, 4-B, Murari Lal Street, Ansari Road, Daryaganj, _bNew Delhi _e110002 |
||
| 300 |
_av, 948p. _c24cm (pbk) |
||
| 650 | _aBusiness mathematics. | ||
| 650 |
_aManagement _xMathematics. |
||
| 650 |
_aManagement _xStatistical methods. |
||
| 650 | _aCommercial statistics. | ||
| 700 | _aSathyaprasad, B.G. | ||
| 700 | _aRao, M.K. Pradeep Kumar | ||
| 942 |
_2ddc _cEN _mMIT _h510.24658 |
||
| 999 |
_c19548 _d19548 |
||